Ayodhya without the communal stamp: (Record no. 8166)

MARC details
000 -LEADER
fixed length control field 00646 a2200181 4500
010 ## - LCCN (DPL NO)
LC control number ENG-88336
020 ## - INTERNATIONAL STANDARD BOOK NUMBER
International Standard Book Number 8178271052
Terms of availability 700.00
035 ## - SYSTEM CONTROL NUMBER
System control number EN-71869
037 ## - SOURCE OF ACQUISITION
Source of stock number/acquisition DBAD / PUB
082 00 - DEWEY DECIMAL CLASSIFICATION NUMBER
Classification number 332.10954
100 1# - MAIN ENTRY--PERSONAL NAME
Personal name Suhrawardy, Nilofar
245 10 - TITLE STATEMENT
Title Ayodhya without the communal stamp:
Remainder of title in the name of Indian secularism/
Statement of responsibility, etc by Nilofar Suhrawardy
260 ## - PUBLICATION, DISTRIBUTION, ETC. (IMPRINT)
Place of publication, distribution, etc New Delhi
Name of publisher, distributor, etc Manak Publications
Date of publication, distribution, etc 2006
270 ## - ADDRESS
Address B-7, Saraswati Complex, Subhash Chowk, Laxmi Nagar,
City New Delhi
Postal code 110 092
300 ## - PHYSICAL DESCRIPTION
Extent xx, 240p.
Dimensions 22cm (Hb)
500 ## - GENERAL NOTE
General note Includes bibliographical references and index.
942 ## - ADDED ENTRY ELEMENTS (KOHA)
Institution code [OBSOLETE] dpl
Item type English Books
Source of classification or shelving scheme Dewey Decimal Classification
Classification part 332.10954
Call number suffix NIL
Holdings
Withdrawn status Lost status Not for loan Collection code Home library Current library Source of acquisition Cost, normal purchase price Full call number Barcode Copy number Cost, replacement price Koha item type
    Not For Loan Non-fiction D.B.Act.Division D.B.Act.Division DBAD/PUB 700.00 332.10954 NIL EN-71869 1 700.00 English Books

© Delhi Public Library
Hit Counter
free hit counter